|
|
|
|
| LEADER |
01154cam a2200313 7i4500 |
| 001 |
0000079003 |
| 005 |
20230801090000.0 |
| 020 |
|
|
|a 9781003286202 (electronic book)
|
| 090 |
0 |
0 |
|a HF3836.5
|b .R367 2022
|
| 245 |
0 |
4 |
|a The Routledge handbook of the belt and road
|c edited by Cai Fang, Peter Nolan, and Wang Linggui.
|
| 250 |
|
|
|a Second edition.
|
| 264 |
|
|
|a Boca Raton:
|b CRC Press, Taylor & Francis Group,
|c 2022.
|
| 300 |
|
|
|a 1 online resource (695 pages):
|b text file, PDF.
|
| 336 |
|
|
|a text
|2 rdacontent
|
| 337 |
|
|
|a computer
|2 rdamedia
|
| 338 |
|
|
|a online resource
|2 rdacarrier
|
| 490 |
0 |
|
|a Routledge international handbooks
|
| 650 |
|
0 |
|a Economic development --
|z Developing countries
|
| 651 |
|
0 |
|a China --
|x Commerce
|
| 651 |
|
0 |
|a China --
|x Foreign economic relations
|
| 651 |
|
0 |
|a China --
|x Commercial policy
|
| 655 |
|
0 |
|a Electronic books
|
| 700 |
1 |
|
|a Nolan, Peter
|
| 700 |
1 |
|
|a Cai, Fang
|
| 700 |
1 |
|
|a Linggui, Wang
|
| 856 |
4 |
2 |
|u http://library.unisel.edu.my/web/guest/mylibrary
|
| 997 |
|
|
|a Business & Accountancy, Faculty
|
| 998 |
|
|
|a Business Management, Degree
|
| 999 |
|
|
|a EBO0021124
|b EBOOK
|c EBOOK
|e Electronic resources
|